Statistics for Countries and World Cities That Are Also First Names

Click here to take the quiz!

General Stats

  • This quiz has been taken 277 times
    (161 since last reset)
  • The average score is 5 of 16

Answer Stats

Answer% Correct
Paris
69%
India
53%
Georgia
47%
Jordan
47%
Chad
45%
Israel
36%
Sydney
36%
Sofia
34%
Santiago
31%
Dallas
22%
Milan
22%
Alexandria
14%
Houston
12%
Florence
11%
Odessa
3%
Bradford
2%

Score Distribution

Percentile by Number Answered

Percent of People with Each Score

Your Score History

You have not taken this quiz since the last reset